000 00929cam a2200253 a 4500
001 000011415
005 20200929162439.0
008 091016s1955 mx 001 0 spa d
020 _a9681617053
040 _aDO-SdBNP
_bspa
_cBNPHU
082 _a910.92
_bP778c
100 1 _aCollis, Maurice,
_d1889-
_927066
240 1 0 _aMarco Polo.
_lEspañol
245 1 0 _aMarco polo /
_cMaurice Collis ; traducción de Francisco González Arámburo.
260 _aMéxico :
_bFondo de Cultura Económica,
_c1955.
300 _a214 p. :
_bil. ;
_c17 cm.
490 1 _aBreviários del Fundo de CulturaBiblioteca Joven
_v105
590 _aPerteneció a la biblioteca personal de Juan Isidro Jimenes Grullón.
600 1 4 _aPOLO, MARCO
_d1254-1323?
_927067
700 1 2 _aGonzález Arámburo, Francisco,
_etr.
_927068
830 0 _aBreviários del Fundo de Cultura;
_n105
_927069
910 _aValidado. Control de calidad MFF
049 _aBNGR
999 _c11119
_d11119